000 00760nam a2200181Ia 4500
008 151018s9999 xx 000 0 und d
082 _bRBASDV4963
_a891.463
100 _aनिर्मिती शिबीर बालवाडमय
245 _aपासष्ट वर्षाचा म्हातारा
250 _b1
260 _bशरदचंद्र टोंगो
_c1961
300 _a8
600 _aनिर्मिती शिबीर बालवाडमय
630 _aपासष्ट वर्षाचा म्हातारा
700 _aनिर्मिती शिबीर बालवाडमय
730 _aपासष्ट वर्षाचा म्हातारा
942 _cBOOK
999 _c1007347
_d1007344